000 00503nam a2200193Ia 4500
005 20250326141930.0
008 250326s9999 xx 000 0 und d
020 _a81-85061-60-2
037 _aTextbook
040 _aFMSL
_beng
_cFMSL
041 _aeng
_2eng
084 _aX9W M7
_qFMSL
100 _aGuru D D
245 0 _aPublic Enterprise
_cGuru D D; Ahsan Qamar
260 _aDelhi
_bDelhi, Anupama
_c1987
300 _avii,320
942 _cTB
_hX9W M7
999 _c1292666
_d1292666